[Event "10th KiiT Festival 2017"]
[Site "Bhubaneshwar"]
[Date "2017.05.28"]
[Round "4"]
[White "Das, Sayantan"]
[Black "Singh, S  Vikramjit"]
[Result "1-0"]
[WhiteElo "2396"]
[BlackElo "2213"]
[Annotator "NA"]
[PlyCount "113"]
[EventDate "2017.05.26"]
[EventType "swiss"]
[EventCountry "IND"]
[SourceTitle "playchess.com"]
[Source "ChessBase"]
[SourceQuality "1"]
[TimeControl "5400+30"]

1. e4 c5 2. Nf3 d6 3. d4 cxd4 4. Nxd4 Nf6 5. Nc3 Nc6 6. Bg5 e6 7. Qd2 a6 8. O-O-O h6 9. Nxc6 bxc6 10. Bf4 d5 11. Qe3 Bb4 12. a3 Be7 13. h4 Qa5 14. Qe1 Kf8 15. Bd3 Ra7 16. Bd2 Qc7 17. exd5 cxd5 18. f4 Rb7 19. Ne2 Nd7 20. Ba5 Qb8 21. Bc3 Nc5 22. g4 Na4 23. Be5 Bd6 24. Qa5 Nb6 25. Bxd6+ Qxd6 26. Qb4 Qxb4 27. axb4 Ra7 28. Nd4 Bd7 29. Kd2 Ke7 30. Ra1 Rha8 31. Ra5 f6 32. b3 e5 33. fxe5 fxe5 34. Nf5+ Bxf5 35. Bxf5 Kd6 36. Rha1 Kc6 37. Bd3 Kb7 38. Ke3 Rf8 39. Bxa6+ Kc7 40. Be2 Rxa5 41. bxa5 Nc8 42. c3 Rf4 43. Bf3 d4+ 44. cxd4 Rxd4 45. Rc1+ Kb8 46. Rc5 Rb4 47. Bd5 Nd6 48. Rc6 Ne8 49. Bc4 Nf6 50. g5 hxg5 51. hxg5 Nh5 52. a6 Nf4 53. Ke4 Nh3 54. Rg6 Nf2+ 55. Kxe5 Ng4+ 56. Kd4 Ka8 57. Rxg7 1-0

[Event "10th KiiT Festival 2017"]
[Site "Bhubaneshwar"]
[Date "2017.05.28"]
[Round "4"]
[White "Iniyan, P."]
[Black "Baivab Mishra"]
[Result "1-0"]
[WhiteElo "2392"]
[BlackElo "2068"]
[Annotator "NA"]
[PlyCount "48"]
[EventDate "2017.05.26"]
[EventType "swiss"]
[EventCountry "IND"]
[SourceTitle "playchess.com"]
[Source "ChessBase"]
[SourceQuality "1"]
[TimeControl "5400+30"]

1. d4 Nf6 2. c4 c5 3. d5 g6 4. Nc3 Bg7 5. e4 d6 6. Bd3 O-O 7. Nge2 e6 8. O-O exd5 9. cxd5 a6 10. a4 Re8 11. Bg5 Nbd7 12. h3 Qc7 13. Ng3 h6 14. Be3 h5 15. Qd2 c4 16. Bc2 Nc5 17. Bg5 Rb8 18. e5 dxe5 19. d6 Qd8 20. f4 Ne6 21. Bxf6 Bxf6 22. f5 Bg5 23. Qd5 Nf4 24. Qxc4 Qxd6 1-0

[Event "10th KiiT Festival 2017"]
[Site "Bhubaneshwar"]
[Date "2017.05.28"]
[Round "4"]
[White "Sardana, Rishi"]
[Black "Alahakoon, Isuru"]
[Result "1-0"]
[WhiteElo "2390"]
[BlackElo "2047"]
[Annotator "NA"]
[PlyCount "65"]
[EventDate "2017.05.26"]
[EventType "swiss"]
[EventCountry "IND"]
[SourceTitle "playchess.com"]
[Source "ChessBase"]
[SourceQuality "1"]
[TimeControl "5400+30"]

1. d4 d5 2. Bf4 Nf6 3. e3 e6 4. c3 c5 5. Nd2 Nc6 6. Ngf3 cxd4 7. exd4 Nh5 8. Be3 Bd6 9. Ne5 g6 10. Bb5 O-O 11. Ndf3 Ne7 12. O-O Qc7 13. Re1 f6 14. Ng4 Ng7 15. Nh6+ Kh8 16. Rc1 e5 17. dxe5 fxe5 18. Ng5 Be6 19. g3 Bc5 20. Qd2 Nef5 21. Nxf5 Rxf5 22. Nxe6 Nxe6 23. Qxd5 Bxe3 24. Rxe3 Qb6 25. Bd3 Qxb2 26. Bxf5 Qxc1+ 27. Kg2 Ng7 28. Bg4 Qb2 29. Rxe5 Rf8 30. Qd4 Qa3 31. Rd5 h5 32. Rd7 Rg8 33. Be6 1-0

[Event "10th KiiT Festival 2017"]
[Site "Bhubaneshwar"]
[Date "2017.05.28"]
[Round "4"]
[White "Rathanvel, V S"]
[Black "Divya Deshmukh"]
[Result "1-0"]
[WhiteElo "2361"]
[BlackElo "1989"]
[Annotator "NA"]
[PlyCount "111"]
[EventDate "2017.05.26"]
[EventType "swiss"]
[EventCountry "IND"]
[SourceTitle "playchess.com"]
[Source "ChessBase"]
[SourceQuality "1"]
[TimeControl "5400+30"]

1. e4 c5 2. Nf3 d6 3. d4 cxd4 4. Nxd4 Nf6 5. Nc3 a6 6. Be2 e6 7. O-O Be7 8. a4 Qc7 9. f4 Nbd7 10. Bf3 O-O 11. g4 Nb6 12. g5 Nfd7 13. Kh1 Rd8 14. Qe1 Nf8 15. Bg2 e5 16. Nf5 Be6 17. Nxe7+ Qxe7 18. a5 Nc8 19. f5 Bc4 20. Rg1 d5 21. exd5 Nd6 22. b3 Bb5 23. Ba3 Qd7 24. Bxd6 Qxd6 25. Ne4 Qc7 26. c4 Bd7 27. Qf2 Bc8 28. Rgf1 Qd7 29. Qb6 Qe8 30. Rae1 Nd7 31. Qe3 Qf8 32. c5 Nb8 33. Qg3 Bd7 34. Qxe5 Bb5 35. Rf3 Nd7 36. Qd4 Rac8 37. b4 Nb8 38. Rfe3 Nc6 39. Qc3 Na7 40. Qe5 Rd7 41. Nd6 Rcd8 42. Qe8 Rxd6 43. Qxf8+ Kxf8 44. cxd6 Nc8 45. d7 Bxd7 46. d6 Nxd6 47. f6 Bb5 48. Rd1 Rd7 49. Kg1 Rd8 50. Re5 Re8 51. Rxe8+ Nxe8 52. Rd8 h6 53. h4 Kg8 54. Bd5 gxf6 55. g6 Kf8 56. gxf7 1-0

[Event "10th KiiT Festival 2017"]
[Site "Bhubaneshwar"]
[Date "2017.05.28"]
[Round "4"]
[White "Arjun Kalyan"]
[Black "Nikhil Magizhnan"]
[Result "1-0"]
[WhiteElo "2322"]
[BlackElo "1992"]
[Annotator "NA"]
[PlyCount "77"]
[EventDate "2017.05.26"]
[EventType "swiss"]
[EventCountry "IND"]
[SourceTitle "playchess.com"]
[Source "ChessBase"]
[SourceQuality "1"]
[TimeControl "5400+30"]

1. e4 c6 2. d4 d5 3. Nd2 dxe4 4. Nxe4 Bf5 5. Ng3 Bg6 6. h4 h6 7. Nf3 e6 8. Ne5 Bh7 9. Bd3 Bxd3 10. Qxd3 Nd7 11. f4 Be7 12. Bd2 Nxe5 13. fxe5 Bxh4 14. O-O-O Bxg3 15. Qxg3 Ne7 16. Bb4 Ng6 17. Kb1 Qg5 18. Qb3 Qxg2 19. Bd6 b6 20. Qa4 Ne7 21. d5 exd5 22. Rhg1 Qe4 23. Qa6 Rd8 24. Rxg7 Nf5 25. Qxa7 Nxd6 26. exd6 Qe6 27. Rf1 Rf8 28. Rgg1 Rxd6 29. Re1 Qxe1+ 30. Rxe1+ Re6 31. Rxe6+ fxe6 32. a4 Rf1+ 33. Ka2 h5 34. Qxb6 h4 35. a5 h3 36. a6 Kf7 37. a7 h2 38. Qc7+ Kf6 39. Qxh2 1-0

[Event "10th KiiT Festival 2017"]
[Site "Bhubaneshwar"]
[Date "2017.05.28"]
[Round "4"]
[White "Raahul V S"]
[Black "Hari Madhavan N B"]
[Result "1-0"]
[WhiteElo "2311"]
[BlackElo "1970"]
[Annotator "NA"]
[PlyCount "95"]
[EventDate "2017.05.26"]
[EventType "swiss"]
[EventCountry "IND"]
[SourceTitle "playchess.com"]
[Source "ChessBase"]
[SourceQuality "1"]
[TimeControl "5400+30"]

1. d4 d5 2. c4 c6 3. Nf3 Nf6 4. g3 h6 5. Bg2 Bf5 6. O-O e6 7. Nc3 Nbd7 8. cxd5 exd5 9. Nh4 Bh7 10. Re1 Be7 11. e4 dxe4 12. Nxe4 O-O 13. Nc3 Nb6 14. Bh3 Nfd5 15. Nf5 Bg5 16. Qg4 Bxf5 17. Qxf5 Bxc1 18. Raxc1 Qd6 19. Bg2 Nf6 20. Ne4 Nxe4 21. Bxe4 g6 22. Qc5 Rfd8 23. Rcd1 Rd7 24. b4 Rad8 25. Bc2 Qf6 26. Bb3 Kg7 27. Re4 Qd6 28. Rde1 Nc8 29. Rf4 Rf8 30. Qe5+ f6 31. Qc5 Re7 32. Rfe4 Rxe4 33. Rxe4 Qd8 34. d5 cxd5 35. Qxd5 Qc7 36. Qe6 Qc1+ 37. Kg2 Qc7 38. Rd4 Nb6 39. a4 Qe5 40. a5 Qxe6 41. Bxe6 Nc8 42. Bxc8 Rxc8 43. Rd7+ Kg8 44. Rxb7 Rc4 45. b5 Rb4 46. a6 h5 47. Rxa7 Rxb5 48. Rb7 1-0

[Event "10th KiiT Festival 2017"]
[Site "Bhubaneshwar"]
[Date "2017.05.28"]
[Round "4"]
[White "Ziatdinov, Raset"]
[Black "Pinge, Shubham D"]
[Result "0-1"]
[WhiteElo "2291"]
[BlackElo "2017"]
[Annotator "NA"]
[PlyCount "120"]
[EventDate "2017.05.26"]
[EventType "swiss"]
[EventCountry "IND"]
[SourceTitle "playchess.com"]
[Source "ChessBase"]
[SourceQuality "1"]
[TimeControl "5400+30"]

1. e4 c5 2. Nf3 d6 3. d4 cxd4 4. Nxd4 Nf6 5. Nc3 a6 6. Bg5 e6 7. f4 Be7 8. Qf3 h6 9. Bh4 Qc7 10. O-O-O Nbd7 11. Be1 b5 12. a3 Bb7 13. h4 Nc5 14. Bd3 h5 15. Rh3 Rc8 16. Qe2 Ng4 17. Kb1 Qb6 18. b4 Nd7 19. Nb3 Bf6 20. Bxb5 axb5 21. Nxb5 Ba6 22. c4 Bxb5 23. cxb5 O-O 24. a4 d5 25. a5 Qb7 26. e5 Be7 27. Nd4 Rc4 28. Rb3 Rfc8 29. b6 Nxb6 30. axb6 Qxb6 31. Qb2 Rb8 32. b5 g6 33. Rdd3 Rb7 34. Qd2 Bc5 35. Nc6 Bf2 36. Rf3 Bxe1 37. Qxe1 Qc5 38. Na5 Re4 39. Qc1 Rxb5 40. Qxc5 Rxc5 41. Nb7 Re1+ 42. Kb2 Re2+ 43. Ka3 Rc8 44. g3 Nf2 45. Nd6 Ra8+ 46. Kb4 Ne4 47. Nxe4 Rxe4+ 48. Kc3 f6 49. exf6 Kf7 50. Kd3 Kxf6 51. Re3 Raa4 52. Rxe4 Rxe4 53. Rb8 Kf5 54. Rg8 Re1 55. Kd2 Rg1 56. Rf8+ Ke4 57. Rf6 Rxg3 58. Rxe6+ Kxf4 59. Ke2 Rg4 60. Kf2 Kf5 0-1

[Event "10th KiiT Festival 2017"]
[Site "Bhubaneshwar"]
[Date "2017.05.28"]
[Round "4"]
[White "Gukesh D"]
[Black "Deviatkin, Andrei"]
[Result "0-1"]
[WhiteElo "2283"]
[BlackElo "2481"]
[Annotator "TA"]
[PlyCount "78"]
[EventDate "2017.05.26"]
[EventType "swiss"]
[EventCountry "IND"]
[SourceTitle "playchess.com"]
[Source "ChessBase"]
[SourceQuality "1"]

{[%evp 15,78,37,30,36,43,22,89,30,78,-37,-39,-98,-102,-125,-122,-116,-116,-116,-115,-108,-44,-32,-48,-38,-45,-45,-47,-29,-38,-50,0,0,0,0,0,0,0,0,0,4,6,0,33,33,47,0,0,-34,-28,-108,-110,-126,-133,-128,-97,-176,-176,-268,-221,-434,-216,-291,-324,-306,-300]} 1. Nf3 d6 2. d4 Nf6 3. g3 g6 4. Bg2 Bg7 5. O-O O-O 6. c4 Na6 7. Nc3 c6 8. e4 e5 9. dxe5 {E62: King's Indian: Fianchetto: 6...c6 and Panno Variation (6...Nc6) without ...a6} dxe5 10. Nxe5 Qe7 $146 (10... Re8 $11) ({Predecessor:} 10... Be6 11. Qe2 Qd4 12. Bf4 Nh5 13. Rfd1 Nxf4 14. gxf4 Qb6 15. Nd7 Bxd7 16. Rxd7 Nc5 {0-1 (77) Huebner,R (2600)-Shirov,A (2690) Ter Apel 1997}) 11. Nd3 (11. f4 $1 $16) 11... Be6 12. Qa4 (12. b3 $1 $16) 12... Rfd8 $15 13. Nf4 (13. Bg5 $15) 13... Nc5 $36 {[%mdl 2048] Keeping White busy.} 14. Qa3 Bxc4 15. Be3 Bf8 $1 16. Rfd1 Ng4 17. Bd4 {[#]} Nd3 $1 {[%mdl 512]} 18. Qxe7 $15 (18. Rxd3 Qxa3) 18... Bxe7 19. Nce2 {[%cal Bc3e2,Be2d4,Bd4f5][%mdl 32] [#]} Rxd4 $1 {[%mdl 512]} 20. Nxd4 Ngxf2 21. Nxd3 Nxd1 22. Rxd1 Bxd3 ({Black should try} 22... Rd8 $15 23. Ne1 c5) 23. Rxd3 $11 {aiming for Nf3.} Rd8 24. Kf2 $1 {[%cal Rf2e2] Ke2 is the strong threat.} c5 25. Nf5 Rxd3 26. Nxe7+ Kg7 {Strongly threatening ...Rd2+.} 27. Ke2 Rd4 28. Nd5 f6 29. Bf3 Kf7 30. h4 Ke6 31. g4 Ke5 32. g5 (32. Ne3 $11) 32... f5 $17 33. exf5 Kxf5 (33... gxf5 $2 34. h5 $18) 34. Ne3+ Kf4 {[%mdl 1024] Black has strong compensation.} 35. b3 {[#]} (35. Bxb7 $17 Rd7 36. Ng2+ Kg3 37. Bc6) 35... b5 $1 $19 {[%cal Bb7b5,Bb5c4][%mdl 32]} 36. Bd5 {[#]} (36. Bc6 {keeps fighting.}) 36... c4 $1 {[%cal Rc4c3][%mdl 512]} 37. Bc6 $2 (37. bxc4 {was worth a try.} bxc4 38. Bf3) 37... a6 (37... Rd6 $142 38. Bd5 (38. Bxb5 $2 cxb3 39. Ng2+ Kg3 $19) 38... c3 39. Ng2+ Ke5) 38. Nd5+ Ke5 39. bxc4 bxc4 {Precision: White = 29%, Black = 60%.} ({But not} 39... Rxc4 40. Bb7 $19) 0-1

[Event "10th KiiT Festival 2017"]
[Site "Bhubaneshwar"]
[Date "2017.05.28"]
[Round "4"]
[White "Saurabh Anand"]
[Black "Babujian, Levon"]
[Result "0-1"]
[WhiteElo "2266"]
[BlackElo "2438"]
[Annotator "TA"]
[PlyCount "138"]
[EventDate "2017.05.26"]
[EventType "swiss"]
[EventCountry "IND"]
[SourceTitle "playchess.com"]
[Source "ChessBase"]
[SourceQuality "1"]

{[%evp 20,138,41,27,40,0,27,17,19,17,43,27,26,7,28,-38,-44,-79,0,-102,-104,-115,-28,-21,-25,-59,-57,-91,-99,-108,-108,-96,-101,-102,-108,-103,-88,-114,-107,-122,-117,-131,-107,-126,-131,-129,-102,-127,-126,-579,-576,-638,-529,-768,-259,-240,-247,-236,-240,-234,-230,-235,-245,-222,-229,-230,-241,-241,-225,-334,-318,-368,-362,-457,-415,-407,-399,-547,-539,-616,-610,-476,-570,-534,-566,-637,-641,-643,-638,-654,-632,-1495,-1327,-29972,-29973,-29973,-29974,-29974,-29969,-29968,0,-29971,-29971,-29969,-29969,-29977,-29978,-29978,-29976,-29979,-29979,-29978,-29979,-29978,-29979,-29986,-29987,-29987,-29988,-29988,-29989]} 1. e4 c5 2. Nf3 d6 3. d4 cxd4 4. Nxd4 e6 5. Bd3 Nc6 6. Nxc6 bxc6 7. c4 Nf6 8. Nc3 Be7 9. O-O O-O 10. Qe2 e5 11. b3 Nd7 {[%cal Bf6d7,Bd7f8,Bf8e6,Be6d4][%mdl 32] B40: Sicilian: 2...e6, Unusual lines} (11... Bg4 12. f3 Be6 13. Rd1 Nh5 14. g3 g6 15. Be3 Bg5 16. Bf2 Bh6 17. c5 Qa5 18. Na4 d5 19. exd5 Bxd5 {1-0 (40) Antonio,R (2539)-Neelotpal,D (2485) Cebu 2007}) 12. Na4 Re8 13. Rd1 Nf8 {The position is equal.} 14. c5 Ne6 15. cxd6 $146 ({Predecessor:} 15. Bb2) 15... Nd4 16. Qe1 (16. Qf1 $5 {[%cal Rd6e7]} Qxd6 17. Be3 $11) 16... Bxd6 17. Be3 (17. f3 $11) 17... Bg4 $1 $15 18. Rdb1 Re6 {[#]} (18... Bf3 $1 $17 19. Qf1 (19. Bxd4 Qg5 $17) 19... Bg4) 19. f4 $1 {[%mdl 512]} exf4 $17 20. Bxd4 {[#]} Bf8 (20... Be7 $1 $17 21. Qf2 Bh4) 21. Qf2 $1 $11 Rd6 22. Qxf4 Rxd4 23. Qxg4 {aiming for Bc4.} Rxd3 24. Nb2 {[#]} Qd4+ $1 25. Kh1 Re3 26. Nc4 Rxe4 27. Qf3 {Strongly threatening Rd1.} Qd5 28. Rd1 Qe6 29. Rac1 Re8 30. h3 Re2 31. a4 g6 32. Rd3 h5 {[%cal Bh7h5,Bh5h4][%mdl 32]} 33. Rcd1 h4 34. Rd7 $2 {[%mdl 8192]} (34. Rf1 $17 {is more resistant.}) 34... Bc5 $19 35. Qf1 Rf2 36. Qd3 Qe1+ $2 (36... Re2 {Hoping for ...Re1+.} 37. Ne5 Rxe5) 37. Rxe1 Rxe1+ 38. Kh2 {Threatens to win with Rd8+.} Rff1 $40 {[%mdl 128] ( -> ...Rh1#). Black has strong attack.} 39. Qxf1 Rxf1 {[%mdl 4096] Endgame KRB-KRN} 40. g4 Rf2+ 41. Kh1 Rf3 42. Ne5 Rxh3+ 43. Kg2 Rg3+ 44. Kh2 (44. Kh1 {keeps fighting.}) 44... Rxb3 45. Nxf7 Be3 46. g5 Bf4+ 47. Kh1 {intending Nh6+.} Kf8 48. Nh8 Ke8 49. Rd1 Rh3+ 50. Kg2 Rg3+ 51. Kh1 Rxg5 52. Re1+ Kd7 53. Rf1 Bc7 54. Rf7+ Kc8 55. Rg7 h3 56. Rxg6 Rxg6 57. Nxg6 {KB-KN} Kb7 58. Ne7 Kb6 59. Nc8+ Kb7 60. Ne7 a6 {Black mates.} 61. Nf5 Kb6 62. Nd4 c5 63. Ne2 Ka5 64. Nc3 Be5 65. Ne4 c4 66. Nd2 Kb4 67. Nxc4 Kxc4 68. a5 Kb4 69. Kg1 Kxa5 {Precision: White = 34%, Black = 70%.} 0-1

[Event "10th KiiT Festival 2017"]
[Site "Bhubaneshwar"]
[Date "2017.05.28"]
[Round "4"]
[White "Fenil, Shah"]
[Black "Raghunandan, Kaumandur Srihari"]
[Result "1-0"]
[WhiteElo "2252"]
[BlackElo "2410"]
[Annotator "TA"]
[PlyCount "143"]
[EventDate "2017.05.26"]
[EventType "swiss"]
[EventCountry "IND"]
[SourceTitle "playchess.com"]
[Source "ChessBase"]
[SourceQuality "1"]

{[%evp 12,143,18,7,19,15,29,21,25,18,18,24,18,16,20,0,0,0,0,0,12,0,0,0,0,-104,-91,-97,-20,-35,0,13,17,-12,0,4,146,-123,-16,-187,-33,-142,20,20,18,20,23,22,27,-12,-16,-35,-33,-34,-31,-34,-32,-44,-46,-50,-49,-47,-45,-69,-69,-69,-70,-72,-73,-73,0,-72,-74,-96,-91,-92,-76,-77,-64,-74,-72,-93,-76,-148,-153,-261,-147,-153,-153,-153,-141,-138,-130,-203,-203,-203,-186,-208,-78,-149,420,420,526,526,534,423,549,482,471,0,431,431,555,554,707,664,662,657,637,634,603,584,814,757,1942,1843,1757,1735,12838,12838,12839,12839,12836,1473]} 1. d4 d5 2. Nf3 Nf6 3. c4 e6 4. e3 b6 5. Bd3 Bb7 6. O-O Nbd7 7. b3 {LiveBook: 109 Games. E14: Queen's Indian: Classical Variation (4 e3)} dxc4 8. bxc4 c5 9. Bb2 {White has an edge.} Be7 10. Qe2 $146 ({Predecessor:} 10. Nbd2) 10... O-O 11. Rd1 cxd4 12. exd4 Re8 13. Nbd2 Qc7 14. Rac1 Rac8 15. Bb1 Nf8 16. Ne5 Ng6 17. Ndf3 Nd7 18. Qd3 (18. Nxg6 $11 hxg6 19. Be4) 18... Ndxe5 $17 19. Nxe5 Bf6 ({Black should try} 19... Bg5 $17 20. Rc3 Bf6) 20. f4 Red8 (20... Bxe5 $5 21. fxe5 Ba6 $15) 21. Qe3 Be7 22. Qh3 Bd6 23. Re1 Qe7 (23... Re8 $11 {remains equal.}) 24. d5 $2 {[%mdl 8192]} (24. Nxg6 $1 $16 {is necessary to keep the advantage.} hxg6 25. f5 $1 {[%mdl 512]} gxf5 26. Bxf5 $1 {[%mdl 512]} exf5 27. Rxe7 Bxe7 28. Qxf5) 24... Bxe5 (24... Qh4 $1 $17 {[%cal Rh4h3] ...Qxh3 is the strong threat.} 25. Qxh4 (25. Bxg6 $2 Bc5+ 26. Kh1 Qxh3 $19) 25... Nxh4) 25. Bxe5 $2 (25. fxe5 $11 {and White stays safe.} Qc5+ 26. Re3) 25... exd5 $2 (25... Qc5+ $19 26. Qe3 Qxe3+ 27. Rxe3 Nxe5 28. fxe5 Rxd5 $1 {[%mdl 512]}) 26. Bd4 (26. c5 $1 $15 Rxc5 27. Bxg6 fxg6 28. Qa3) 26... Qh4 $2 (26... Qd6 $17 27. c5 bxc5) 27. Qxh4 $11 Nxh4 28. c5 bxc5 29. Bxc5 Ng6 30. Bxg6 hxg6 31. Bxa7 Rxc1 32. Rxc1 {[%mdl 4096] Endgame KRB-KRB} Ra8 33. Bf2 Rxa2 34. Rd1 Ba6 35. Be3 Re2 36. Bc5 Bc4 37. Bb4 Re4 38. Bd6 d4 {[%cal Bd5d4,Bd4d3][%mdl 32]} 39. Rd2 Re1+ 40. Kf2 Rf1+ $1 41. Kg3 d3 42. Bc5 f6 43. Bf2 Kf7 44. Kf3 Rb1 45. Ke3 Ke6 46. Kd4 Bb5 47. Ke3 (47. Ke4 $142) 47... Kd5 $17 48. Ra2 (48. g4 $17 {keeps fighting.}) 48... Rb4 (48... Kc4 $1 $19 49. Ke4 Kb3) 49. Kf3 Kc4 50. Be1 Rb1 51. Bd2 Bc6+ 52. Ke3 (52. Kf2 $17 {was worth a try.}) 52... Rb8 $19 ({Don't take} 52... Bxg2 53. Ra4+ Kd5 54. Ra7 $17) 53. Kf2 Re8 54. Be3 {[#]} Be4 (54... Bxg2 $1 $19 {[%mdl 512] and Black stays clearly on top. Hoping for ...Be4.} 55. h4 (55. Kxg2 Rxe3) 55... Be4) 55. Ra7 {[#]} (55. g3 $142) 55... Rc8 $2 {[%mdl 8192]} (55... Bxg2 $1 $17 {[%mdl 512] keeps the pressure on.} 56. Rxg7 (56. Kxg2 Rxe3) 56... Be4 57. Rc7+ Kb3) 56. Ra4+ $18 Kc3 57. Rxe4 {KRB-KR} Rc7 58. Ra4 Rd7 59. Ke1 Re7 60. Kf2 Rd7 $1 61. Ra1 {White is clearly winning.} Kb2 62. Rd1 Kc2 63. Rc1+ Kb2 64. Bd2 Re7 {[#] Strongly threatening ...Re2+.} 65. Re1 $1 {[%cal Re1e7]} Rd7 {intending ...Kc2.} 66. Ke3 g5 67. fxg5 fxg5 68. Rf1 Rd6 69. Rf5 g4 70. Rf4 Kc2 71. Rc4+ Kb2 72. Rxg4 {Precision: White = 45%, Black = 40%.} (72. Rd4 $142 g3 73. hxg3) 1-0

[Event "10th KiiT Festival 2017"]
[Site "Bhubaneshwar"]
[Date "2017.05.28"]
[Round "4"]
[White "Chakravarthi Reddy, M."]
[Black "Rahman, Ziaur"]
[Result "0-1"]
[WhiteElo "2226"]
[BlackElo "2526"]
[Annotator "TA"]
[PlyCount "122"]
[EventDate "2017.05.26"]
[EventType "swiss"]
[EventCountry "IND"]
[SourceTitle "playchess.com"]
[Source "ChessBase"]
[SourceQuality "1"]

{[%evp 14,122,13,13,12,25,10,7,38,21,27,24,33,-8,0,0,0,3,10,-20,-1,-94,0,-34,-17,-30,0,0,0,0,0,-22,-22,-22,-22,-16,-24,-34,-14,-14,-27,-8,-21,-46,-39,-61,-41,-40,-39,-50,-16,-19,0,-79,-75,-67,-59,-150,-146,-165,-158,-141,-93,-89,0,0,0,0,0,0,0,0,0,0,0,0,0,0,0,0,0,0,0,0,0,0,0,-12,0,-37,-33,-58,-4,-4,-4,-3,-4,-35,-22,-20,0,-12840,-494,-12841,-12841,-12841,-12841,-29997,-29998,-29998,-29999]} 1. d4 e6 2. Nf3 c5 3. c4 cxd4 4. Nxd4 a6 (4... Nc6 5. Nc3 Nf6 6. a3 Nxd4 7. Qxd4 b6 8. e4 Bc5 9. Qd1 Bb7 10. Bd3 Qb8 11. Qe2 Bc6 12. O-O h5 13. Nd5 Ng4 14. Bf4 Bd6 15. Bxd6 Qxd6 {0-1 (32) Zhou,W (2635)-Rapport,R (2717) China 2016}) 5. g3 Qc7 6. Nd2 {A43: Schmid Benoni} Nc6 7. N2f3 Nf6 8. Bg2 {LiveBook: 3 Games. The position is equal.} Bb4+ $146 ({Predecessor:} 8... d6 9. O-O Bd7 10. b3 Be7 11. Ba3 {0-1 (61) Santos Santos,P (2327)-Epishin,V (2566) Aviles 2008}) 9. Bd2 Bxd2+ 10. Qxd2 Ne4 11. Qe3 Qa5+ 12. Kf1 f5 13. a3 O-O 14. b4 Qc7 15. Rc1 a5 16. Nb5 (16. b5 $5 {[%cal Rb5c6]} Ne7 17. h4 $11) 16... Qd8 17. Nd2 (17. Nfd4 $11) 17... Nf6 (17... d5 $17 {And now ...d4 would win.} 18. cxd5 exd5) 18. Bf3 (18. Nd6 $5 {[%cal Rb4b5]} axb4 19. axb4 $15) 18... axb4 19. axb4 e5 20. Bd5+ Kh8 21. Nd6 Qe7 22. Qc5 b6 23. Nxc8 Raxc8 24. Qxe7 Nxe7 25. Kg2 e4 26. Bb7 Rc7 27. Ba6 Nc6 28. b5 {[#] Hoping for c5.} Ne5 29. Rhd1 Rb8 30. f4 exf3+ $1 31. exf3 Nd3 32. Rc3 Nc5 33. Nb3 (33. Nf1 $11 {keeps the balance.}) 33... Nxb3 $17 34. Rxb3 Rxc4 35. Rd6 (35. Rb2 $15) 35... Rc2+ 36. Kh3 Kg8 37. Re3 Kf7 38. Re5 Rc5 ({Black should play} 38... Re8 $17 39. Rxe8 Kxe8 40. Rxb6 Ke7) 39. Rxb6 $1 $11 Rxb6 40. Rxc5 {[%mdl 4096] Endgame KRB-KRN} Ke6 41. Kg2 Nd5 42. Rc8 h6 43. Re8+ Kd6 44. Rg8 g5 45. Rh8 Ke5 46. Rh7 Rd6 47. Kf2 Nb6 48. Re7+ Kf6 49. Re2 Rd3 50. Rc2 Ke5 51. Ke2 (51. f4+ $5 gxf4 52. Re2+ Kf6 53. gxf4 $15) 51... Ra3 52. Rc5+ Kd4 ({Better is} 52... d5 $15) 53. Rxf5 Ra2+ 54. Kf1 Nd5 55. Rf7 Ne3+ {[%mdl 1024] Black has compensation.} 56. Kg1 d5 57. Rf8 $2 {[%mdl 8192]} (57. h4 $11) 57... Ra1+ $19 58. Kf2 Kd3 {[%csl Ge3][%cal Ra1f1] [#]} 59. b6+ Rxa6 60. b7 Ra2+ 61. Kg1 Ra1+ {Precision: White = 56%, Black = 69%.} 0-1

[Event "10th KiiT Festival 2017"]
[Site "Bhubaneshwar"]
[Date "2017.05.28"]
[Round "4"]
[White "Aditya Mittal"]
[Black "Khusenkhojaev, Muhammad"]
[Result "0-1"]
[WhiteElo "2211"]
[BlackElo "2433"]
[Annotator "TA"]
[PlyCount "87"]
[EventDate "2017.05.26"]
[EventType "swiss"]
[EventCountry "IND"]
[SourceTitle "playchess.com"]
[Source "ChessBase"]
[SourceQuality "1"]

{[%evp 16,87,33,30,65,60,62,46,45,38,38,29,59,23,35,36,50,51,50,14,25,0,0,0,0,-5,-8,-30,-28,-33,-18,-19,0,-10,-11,-17,-3,0,0,0,6,6,0,-9,-15,-29,-25,-253,-259,-369,-362,-339,266,-347,-347,-357,-347,-317,-313,-304,-247,-380,-380,-466,-255,-468,-458,-433,-355,-380,-372,-372,-372,-343]} 1. d4 Nf6 2. c4 g6 3. Nc3 d5 4. cxd5 Nxd5 5. Bd2 Nb6 6. Bg5 Bg7 7. e3 h6 8. Bh4 O-O 9. Nf3 {LiveBook: 35 Games} c6 {D85: Exchange Grünfeld: Unusual White 7th moves and lines with 7 Nf3} 10. Bd3 $146 ({Predecessor:} 10. Be2 Be6 11. O-O f5 12. Qc2 N8d7 13. Rfd1 Kh8 14. Bg3 Bg8 15. Ne1 Qe8 16. Nd3 g5 17. Bf3 {1-0 (41) Tkachiev,V (2625)-Midoux,S (2374) La Massana 2014}) 10... Bg4 11. O-O N8d7 {White is slightly better.} 12. h3 Bxf3 13. Qxf3 Qe8 14. Qe2 e5 15. dxe5 Nxe5 16. Bc2 Nec4 17. Bb3 Na5 18. Qc2 Nxb3 (18... g5 $5 19. Bg3 $8 Qe7 $11) 19. Qxb3 Qe6 20. Rfd1 Rfe8 21. Qxe6 Rxe6 22. Rac1 g5 23. Bg3 a5 24. b3 Bxc3 25. Rxc3 Nd5 26. Rc4 b5 27. Rcd4 b4 28. R1d2 f5 {[%cal Bf7f5,Bf5f4][%mdl 32]} 29. Rc4 a4 {With the idea ...f4!} 30. bxa4 Rxa4 31. Rdc2 $2 {[#]} (31. h4 $11 {and White has nothing to worry.}) 31... f4 $1 $19 {[%cal Rf4g3][%mdl 512]} 32. exf4 {[#]} (32. Bxf4 $142 gxf4 33. e4) 32... b3 $1 {[%mdl 512]} 33. axb3 Re1+ 34. Kh2 Raa1 {[%csl Ga1][%cal Re1h1]} 35. Bh4 gxh4 {[%csl Ga1][%cal Re1h1]} 36. g3 Rh1+ 37. Kg2 hxg3 38. Rxc6 (38. Kxg3 {was forced.} Rag1+ 39. Kh4) 38... gxf2 39. Rxf2 Rag1+ 40. Kf3 Rxh3+ 41. Ke4 Ne7 42. Rcc2 {Black is winning.} Re1+ 43. Rce2 Rxe2+ 44. Rxe2 {Precision: White = 45%, Black = 79%.} 0-1